000 00313nam a22001337a 4500
008 180112b xxu||||| |||| 00| 0 eng d
020 _a9780471531067
041 _aeng
080 _a159.9
100 _a48
101 _aPSI
245 _aCase in studies in abnormal psychology
_cOltmanns,TH.F
942 _2udc
_cBK
999 _c40176
_d40176